Posúdenie rizík pri údržbe trafostanice
Saved in:
| Main Author: | |
|---|---|
| Other Authors: | |
| Format: | Manuscript Book |
| Language: | Slovak |
| Published: |
2024
|
| Subjects: | |
| Online Access: | http://is.stuba.sk/zp/portal_zp.pl?podrobnosti=169218 |
| Tags: |
No Tags, Be the first to tag this record!
|
MARC
| LEADER | 00000ntm a22000003a 4500 | ||
|---|---|---|---|
| 001 | stuzp99371 | ||
| 003 | SK-STU | ||
| 005 | 20240629212803.6 | ||
| 007 | ta | ||
| 008 | 150427s2015----xo-----f-mn---000-0-slo-d | ||
| 040 | |a STU |b slo | ||
| 041 | 0 | |a slo | |
| 100 | 1 | |a Schmidtová, Viktória |u 065000 |4 aut |U MTF Materiálovotechnologická fakulta |T MTF Ústav integrovanej bezpečnosti |X 116438 |U M5000 |Y 85 |7 116438 | |
| 242 | 0 | 1 | |a Risk assessment during substation maintenance |y eng |
| 245 | 1 | 0 | |a Posúdenie rizík pri údržbe trafostanice |
| 260 | |c 2024 | ||
| 650 | 4 | |a bezpečnosť |2 slo | |
| 650 | 4 | |a bodová metóda |2 slo | |
| 650 | 4 | |a checklist |2 slo | |
| 650 | 4 | |a trafostanica |2 slo | |
| 650 | 4 | |a hazop |2 slo | |
| 650 | 4 | |a checklist |2 eng | |
| 650 | 4 | |a hazop |2 eng | |
| 650 | 4 | |a point method |2 eng | |
| 650 | 4 | |a safety |2 eng | |
| 650 | 4 | |a substation |2 eng | |
| 700 | 1 | |a Szabová, Zuzana |u 065200 |k Z1 |4 ths |U MTF Ústav integrovanej bezpečnosti |T MTF Katedra bezpečnostného inžinierstva |X 4741 |U M5200 |Y 192 |7 A000004741 | |
| 856 | 4 | |u http://is.stuba.sk/zp/portal_zp.pl?podrobnosti=169218 | |
| 996 | |c M* BP-9839 |l MMSKP |s P |a 0 |w stuzp99371_0001 | ||